Time-Saving Garden : (Record no. 36539)

MARC details
000 -LEADER
fixed length control field 00489nam a22001577a 4500
005 - DATE AND TIME OF LATEST TRANSACTION
control field 20240904122434.0
008 - FIXED-LENGTH DATA ELEMENTS--GENERAL INFORMATION
fixed length control field 240904b |||||||| |||| 00| 0 eng d
020 ## - INTERNATIONAL STANDARD BOOK NUMBER
ISBN 978-0-276-44245-2
082 ## - DEWEY DECIMAL CLASSIFICATION NUMBER
Classification number 635.9
Item number TIM
245 ## - TITLE STATEMENT
Title Time-Saving Garden :
Remainder of title achieve and amintain a beautiful garden with minimal time and effort /
Statement of responsibility, etc. Reader Digest
260 ## - PUBLICATION, DISTRIBUTION, ETC.
Place of Publication USA :
Name of publisher, distributor, etc. Reader Digest ;
Date of publication, distribution, etc. 2006.
300 ## - PHYSICAL DESCRIPTION
Pages 320 p. :
500 ## - GENERAL NOTE
General note Include Index.
650 ## - SUBJECT ADDED ENTRY--TOPICAL TERM
Subject / Department Agriculture
300 ## - PHYSICAL DESCRIPTION
-- ill ;
-- 25 cm.
952 ## - LOCATION AND ITEM INFORMATION (KOHA)
-- 0
-- 0
Holdings
Lost status Damaged status Collection code Permanent Location Current Location Shelving Location Date acquired Full Call Number Accession No./Barcode Date last seen item type Koha item type
    Agriculture and Veterinary Superior Information Resource Center (SIRC) Superior University- Main Campus Superior Information Resource Center (SIRC) Superior University- Main Campus Agriculture 09/04/2024 635.9 TIM 2007 29384 09/04/2024 BOOK BOOK

Powered by Koha